000 00933nam a2200229 a 4500
003 0
005 20250205111151.0
008 130824s19uu xx 00 eng d
050 _aPHS LB 1050.5
_b.C543 2013
100 _aChizzy, Ajah Favour
245 _aThe relationship between book preference and academic performance in grade eight students /
_cAjah Favour Chizzy.
260 _aLas PiƱas City, Philippines :
_bSouthville International School and Colleges,
_c2013.
300 _a25 pages :
_billustrations ;
_c28 cm.
504 _aIncludes bibliographical references.
650 _aReading interests
_vAcademic achievement.
650 _aBooks and reading
_vPsychological aspects.
650 _aReading comprehension
_vEducational impact.
650 _aLiteracy
_vStudent performance.
650 _aMiddle school students
_vReading habits.
650 _aEducation
_vCognitive development through reading.
942 _2lcc
_cPASS
999 _c98970
_d98970